| 000 | 00470nam a2200169 i 4500 | ||
|---|---|---|---|
| 001 | 141558 | ||
| 003 | ES-MaACL | ||
| 005 | 20230906200322.0 | ||
| 007 | t| | ||
| 008 | 070925s1973 sp ||||1| spa d | ||
| 100 | 1 |
_aVolpi, Italo. _9115715 |
|
| 245 | 1 | 4 |
_aLos primeros testigos / _cItalo Volpi ; [traducción de Maifava]. |
| 260 |
_a[Madrid] : _bNarcea, _c[1973] |
||
| 300 |
_a262 p. ; _c21 cm. |
||
| 700 | 1 |
_aMaifava. _975564 |
|
| 852 |
_aES-MaACL _jC-52485 _bR.85770 |
||
| 999 |
_c141558 _d141558 |
||